000
00317nam a2200133Ia 4500
008
240624s9999 xx 000 0 und d
041
_a
eng
082
_a
657.45 ICF
100
_a
ICFAI
245
_a
AUDITING II WORKBOOK
260
_c
2004
_a
Hyderabad
_b
ICFAI University
300
_a
338 : p. : cm. ; 27
365
_c
RS
999
_c
5929
_d
5929